00475nam a22001577a 4500020001800000040000900018082001600027100003000043110003100073245001400104260004100118650002200159942001200181999001900193952010500212 a9780746077214 cNUST a823-CHbPHI aCox, Roxbee, Phil9123047 aCartwright, Stephen981945 aHen's Pen aLondon:bUS Borne Publishers,c2006. aHen's Pen9123048 2ddccBK c609370d609370 00102ddc4070aCEMEbCEMEcFICd2024-05-29l0o823-CH PHIpCEME- 50465r2024-05-29w2024-05-29yBK